LIBRARY & INFORMATION CENTRE, KCAET, TAVANUR

ONLINE PUBLIC ACCESS CATALOGUE (OPAC)

Pingala / (Record no. 4038)

MARC details
000 -LEADER
fixed length control field 00443cam a2200181ua 4500
041 ## - LANGUAGE CODE
Language code of text/sound track or separate title mal
082 ## - DEWEY DECIMAL CLASSIFICATION NUMBER
Classification number 894.8121
Item number PAR/PI
100 ## - MAIN ENTRY--AUTHOR NAME
Personal name Parameswara Aiyer, Ullur.
245 ## - TITLE STATEMENT
Title Pingala /
250 ## - EDITION STATEMENT
Edition statement 10 /
260 ## - PUBLICATION, DISTRIBUTION, ETC. (IMPRINT)
Place of publication Ullur :
Name of publisher Ullur Publishers ,
Year of publication 1963.
300 ## - PHYSICAL DESCRIPTION
Number of Pages 72 ; .
942 ## - ADDED ENTRY ELEMENTS (KOHA)
Koha item type Books
Holdings
Withdrawn status Lost status Damaged status Home library Current library Date acquired Full call number Accession Number Koha item type
Withdrawn     KAUAET Central Prison Tavanur 07/04/2012 894.8121 4288 Books
Withdrawn     KAUAET KAUAET 16/11/2023 894.8121 PAR/PI 11481 Books
Withdrawn     KAUAET KAUAET 16/11/2023 894.8121 PAR/PI 11482 Books
free website counter